|
|
|
|
| LEADER |
00000cam a2200000 7i4500 |
| 001 |
0000009292 |
| 005 |
20160922.0 |
| 040 |
|
|
|a INS
|
| 090 |
0 |
0 |
|a HD1131
|b L26 1979
|
| 245 |
0 |
0 |
|a Land management issues and development strategies in developing countries
|c edited by Sein Lin and S. Ramakrishnan
|
| 260 |
|
|
|a Hartford :
|b Lincoln Institute of Land Policy ,
|c 1979
|
| 300 |
|
|
|c 26cm.
|
| 650 |
|
0 |
|a Land tenure
|x Developing countries
|
| 650 |
|
0 |
|a Land use
|x Developing countries
|
| 650 |
|
0 |
|a Land use
|x Developing countries
|x Planning
|
| 650 |
0 |
0 |
|a Land management
|
| 700 |
1 |
|
|a Lin, Sein
|
| 700 |
1 |
|
|a Ramakrishnan, S
|
| 999 |
|
|
|a 0000023574
|b BOOK
|c Open Shelf
|e Default branch
|